[Event "FIDE Candidates 2014"]
[Site "Khanty-Mansiysk RUS"]
[Date "2014.03.21"]
[Round "7.4"]
[White "Kramnik, Vladimir"]
[Black "Mamedyarov, Shakhriyar"]
[Result "1-0"]
[WhiteElo "2787"]
[BlackElo "2757"]
[Annotator "Crowther,Mark"]
[PlyCount "107"]
[EventDate "2014.03.13"]

1. d4 Nf6 2. c4 e6 3. Nf3 d5 4. Nc3 Bb4 5. cxd5 exd5 6. Bg5 Nbd7 7. Qc2 c5 8.
e3 Qa5 9. Bd3 c4 10. Bf5 O-O 11. O-O Re8 12. Nd2 g6 13. Bxd7 (13. Bh3 Kg7 14.
Rae1 Ne4 15. Ndxe4 dxe4 16. Bh4 Nb6 17. Bxc8 Raxc8 18. f3 Bxc3 19. bxc3 Qd5 20.
Bf6+ Kg8 21. Be5 Nd7 22. fxe4 Qe6 23. Rb1 Nxe5 24. dxe5 Rc7 25. Rb5 Rd7 26. Rd1
a6 27. Rbd5 Rxd5 28. Rxd5 Qg4 29. h3 Qh4 30. Kh2 b5 31. a4 Qe1 32. axb5 axb5
33. Rxb5 Qxe3 34. Rd5 Rxe5 35. Rxe5 Qf4+ 36. g3 Qxe5 37. Kg2 h5 38. h4 Kf8 39.
Kf3 Qf6+ 40. Kg2 Qe5 41. Kf3 Qf6+ 42. Kg2 Ke7 43. Qd2 Qd6 44. Qe2 Qc6 45. Qe3
Qd6 46. Qe2 Qc6 47. Qe3 Qd6 48. Qe2 Qc6 {1/2-1/2 (48) Beliavsky,A (2646)
-Mamedyarov,S (2752) Heraklio 2007}) 13... Nxd7 14. h4 ({Relevant:} 14. f3 Nb6
15. e4 Bxc3 16. Qxc3 Qxc3 17. bxc3 Bd7 18. Rab1 Rab8 19. Kf2 f5 20. exd5 Nxd5
21. Nxc4 Nxc3 22. Rbe1 b5 23. Ne5 Be6 24. a3 Rbc8 25. Rc1 a5 26. Rfe1 Nd5 27.
Rxc8 Bxc8 28. Rc1 b4 29. Rc5 Be6 30. Rxa5 b3 31. Rb5 Nc3 32. Rb7 b2 33. Bf6
b1=Q 34. Rg7+ Kf8 35. Rxh7 Qc2+ 36. Kg3 f4+ {0-1 (36) Korobov,A (2671)-Wang,H 
(2733) Rogaska Slatina 2011}) 14... b5 $6 {"Here I think b5 is not a very good
move. I think Shakhriyar already played like this but I think Nb6 is a better
move." Kramnik.} (14... Nb6 15. f3 Bf8 16. e4 Bg7 17. Be3 Be6 18. a4 Bd7 19. h5
Rac8 20. Rfe1 Bc6 21. hxg6 hxg6 22. e5 Na8 23. Nf1 Nc7 24. f4 Bd7 25. Ng3 Qb6
26. a5 Qe6 27. f5 gxf5 28. Nh5 Qg6 29. Nxg7 Kxg7 30. Bf4 Ne6 31. Qf2 Rh8 32.
Re3 Rh5 33. Rg3 Rch8 34. Rxg6+ fxg6 35. Qf3 Rh1+ 36. Kf2 Rxa1 37. Qxd5 Bc8 38.
Ne2 g5 39. Bc1 f4 40. Qxc4 b6 41. d5 Nc5 42. e6 Ra4 43. Qc3+ Kg8 44. Kg1 Re4 {
1-0 (44) Cheparinov,I (2670)-Mamedyarov,S (2752) Khanty-Mansiysk 2007}) 15. a4
$146 ({Predecessor:} 15. a3 Bxc3 16. bxc3 Nb6 17. f3 Na4 18. Rac1 Nb6 19. Ra1
Na4 20. Rac1 f6 21. Bf4 Qd8 22. e4 f5 23. Bg5 Qd6 24. Ra1 Qf8 25. Bf4 Bb7 26.
e5 a5 27. h5 Bc6 28. hxg6 hxg6 29. Kf2 Ra7 30. Rh1 Ree7 31. Bg5 Rh7 32. e6 Rxh1
33. Rxh1 Qxa3 34. Bf6 Rg7 35. Bxg7 Kxg7 36. Nb1 Qb2 37. Rc1 b4 38. Kg3 Qxc2 39.
Rxc2 Kf6 40. Re2 Be8 41. e7 b3 42. f4 Nb6 43. Re5 a4 44. Kf2 Nc8 {Lekic,D 
(2390)-Mikhalevski,V (2608) Budva 2009 0-1 (62)}) 15... Bxc3 16. bxc3 b4 17.
cxb4 Qxb4 18. Nb1 {"Black just has a strategically difficult position."
Kramnik.} Qd6 19. Nc3 Qc6 20. Rfb1 Ba6 21. Qd1 f6 22. Bf4 Rad8 23. Qf3 Nf8 24.
Bh6 Kf7 25. Rb2 Ne6 26. Rab1 Ng7 27. g4 {After the game Kramnik questioned
this move as it weakens his king position and heavily contributes to the
problems he had later.} Kg8 28. Qf4 (28. Rb5 {Probably doesn't work either.}
Bxb5 29. Rxb5 Ne6 30. Nxd5 Rxd5 31. Qxd5 Qxd5 32. Rxd5 c3 33. Rd6 Nd8 34. Rd7
Ne6 $11) (28. a5) (28. Rb4) 28... Kf7 29. e4 $6 {Kramnik thought it was time
to win by force but this just allowed Mamedyarov to have an equal game. "I
just calculated that e4 wins on the spot so I just played it." Kramnik.} Ne6
30. exd5 (30. Qe3 {Kramnik.} Nc7 {Mamedyarov.} (30... Nc5 $1 $11 {Houdini.})
31. f3 $1 (31. Bf4 dxe4 $1 32. Bxc7 Qxc7 33. d5 $2 {Kramnik but this line
seems quite bad.} Qd7 {hitting lots of things.} 34. Qf4 Bc8 35. Qg3 Qd6 36.
Qxd6 Rxd6 37. Rb8 f5 38. Ra8)) 30... Nxf4 31. dxc6 g5 {A cold shower for
Kramnik who "blundered" this move. He was thinking everything won.} 32. hxg5 (
32. h5 $2) 32... fxg5 33. c7 (33. Rb7+ $11 {Kramnik started calculating this
line but couldn't make it to the end of the line.} Bxb7 34. Rxb7+ (34. cxb7 Kg6
) 34... Ke6 (34... Kg6 35. Bg7 Rc8 (35... Ne2+ 36. Nxe2 Rxe2 37. Kf1 Ra2 38.
Be5 c3 39. Rg7+ Kh6 40. Re7 Kg6 41. c7 Rc8 42. Rg7+ Kh6 43. Rd7 Kg6) 36. d5
Red8 37. c7 Rd7 38. Be5 Nxd5 39. Nxd5 Rxd5 40. Rb8 Rxc7 41. Bxc7 c3 42. Bb6
Rd1+ 43. Kg2 Rb1 44. Rc8 Rxb6 45. Rxc3 $11)) 33... Rd6 (33... Rxd4 34. Rb8 Ne6)
34. Bxg5 Nh3+ 35. Kg2 Nxg5 36. d5 Bc8 {This move is fine but Kramnik at the
time thought it might be an error.} (36... Rd7 37. f4 Rxc7 38. fxg5 Kg6 39. Rb8
Bc8) 37. Rb8 Rf6 38. Ra8 {Kramnik was critical of this move after the game.
"Any move is better than Ra8" - Kramnik. Mamedyarov was certain he was OK here.
He seems he was right.} (38. Rd1 Bxg4 39. d6 Bh3+ $3 40. Kh1 Rh6 41. d7 Bxd7+
42. Kg2 Bh3+ 43. Kg3 Rc8 44. f4 Rxc7 45. fxg5 Rh5 46. Nb5) 38... Rf4 39. f3 (
39. Rbb8 Rxg4+ {Kramnik admitted he'd missed that "there are some mates"} 40.
Kf1 Nf3) (39. Rxc8 Rxc8 40. d6 Ke6 $1 {He also overlooked.}) 39... Rxf3 $6 (
39... Nxf3 $1) 40. d6 (40. Rbb8) (40. Rxc8 Rxc8 41. Nb5 Ke7 42. d6+ Kd7 43. Re1
Rf7) 40... Bxg4 (40... Rxc3 41. Rxc8 {wins}) 41. Rxe8 (41. Rd8 $1) 41... Kxe8
42. Rb8+ Kf7 43. Rd8 Bh3+ $1 {and here it looked that Mamedyarov after a long
think had worked out a win.} 44. Kh2 Rxc3 45. d7 Rc2+ 46. Kg3 Rg2+ 47. Kh4 Be6
$1 {again the very best.} 48. Rf8+ Kxf8 $4 {Unbelievable. Just played
instantly and it seems to be just losing.} (48... Kg6) 49. c8=Q+ Kg7 (49... Kf7
{is the last try for a save.}) 50. Qb7 {Clearly this is the move Mamedyarov
missed. At first Kramnik didn't understand that this was winning either.} (50.
Qa8 $11 Rg4+ 51. Kh5 Nf7 52. d8=N Rg5+ 53. Kh4 Rg4+ 54. Kh5 {and perpetual so
it's important that the queen is on b7.}) 50... Nf3+ 51. Qxf3 Rh2+ 52. Kg5 h6+
53. Kf4 Rh4+ 54. Ke5 1-0